| 000 | 00509nam a22001817a 4500 | ||
|---|---|---|---|
| 003 | CEME | ||
| 005 | 20210628210236.0 | ||
| 008 | 210215b xxu||||| |||| 00| 0 eng d | ||
| 020 | _a0-256-13433-2 | ||
| 040 | _c. | ||
| 082 | _a658.15224 DEL | ||
| 100 |
_aDelurgio, Stephen.A _978694 |
||
| 245 | _aForecasting principles and applications | ||
| 260 |
_aNEW YORK _bMCGRAW HILL _c1998 |
||
| 300 | _a801P | ||
| 650 |
_aFORECASTING-MATHEMATICAL MODELS FORECASTING-STATISTICAL METHODS _978695 |
||
| 942 |
_cBK _2ddc |
||
| 999 |
_c583793 _d583793 |
||